000 00216 a2200097 4500
001 51372
100 _aJames M L
245 _aApplied Numerical Methods
260 _aLondon
_bHarper & Row
_c
090 _c32562
_d32562
942 _aNUST-CAE
_cM
_c25072
999 _c286445
_d286445